<?xml version="1.0" encoding="UTF-8"?>
<collection xmlns="http://www.loc.gov/MARC21/slim">
 <record>
  <leader>01441nam a2200205 a 4500</leader>
  <controlfield tag="001">1/54876</controlfield>
  <controlfield tag="008">220114s2004    gr a          000 | gre d</controlfield>
  <datafield tag="020" ind1=" " ind2=" ">
   <subfield code="a">9608349028</subfield>
  </datafield>
  <datafield tag="040" ind1=" " ind2=" ">
   <subfield code="a">GR-PeUP</subfield>
  </datafield>
  <datafield tag="082" ind1="0" ind2="0">
   <subfield code="a">709.04 ΜΑΡ</subfield>
  </datafield>
  <datafield tag="245" ind1="0" ind2="0">
   <subfield code="a">Μαρτυρίες :</subfield>
   <subfield code="b">μεταξύ μυθοπλασίας και πραγματικότητας = Testimonies : between fiction and reality /</subfield>
   <subfield code="c">[γενική επιμέλεια Άννα Καφέτση].</subfield>
  </datafield>
  <datafield tag="246" ind1="0" ind2="0">
   <subfield code="a">Testimonies :</subfield>
   <subfield code="b">between fiction and reality.</subfield>
  </datafield>
  <datafield tag="260" ind1=" " ind2=" ">
   <subfield code="a">Αθήνα :</subfield>
   <subfield code="b">Εθνικό Μουσείο Σύγχρονης Τέχνης,</subfield>
   <subfield code="c">2004.</subfield>
  </datafield>
  <datafield tag="300" ind1=" " ind2=" ">
   <subfield code="a">263 σ. :</subfield>
   <subfield code="b">εικ. ;</subfield>
   <subfield code="c">24 εκ.</subfield>
  </datafield>
  <datafield tag="500" ind1=" " ind2=" ">
   <subfield code="a">Ο κατάλογος εκδόθηκε με την ευκαιρία της έκθεσης &quot;Σύνοψις 3 - Μαρτυρίες μεταξύ μυθοπλασίας και πραγματικότητας&quot;, που πραγματοποιήθηκε από το Εθνικό Μουσείο Σύγχρονης Τέχνης και παρουσιάστηκε στον νέο εκθεσιακό χώρο του Μεγάρου Μουσικής Αθηνών από τις 10 Δεκεμβρίου 2003 έως τις 29 Φεβρουαρίου 2004.</subfield>
  </datafield>
  <datafield tag="650" ind1=" " ind2="4">
   <subfield code="a">Τέχνη, Μοντέρνα</subfield>
   <subfield code="x">Εκθέσεις.</subfield>
  </datafield>
  <datafield tag="650" ind1=" " ind2="0">
   <subfield code="a">Art, Modern</subfield>
   <subfield code="x">Exhibitions.</subfield>
  </datafield>
  <datafield tag="700" ind1="1" ind2=" ">
   <subfield code="a">Καφέτση, Άννα,</subfield>
   <subfield code="d">1955-</subfield>
  </datafield>
  <datafield tag="852" ind1=" " ind2=" ">
   <subfield code="a">INST</subfield>
   <subfield code="b">UNIPILB</subfield>
   <subfield code="c">MAIN</subfield>
   <subfield code="e">20220114</subfield>
   <subfield code="h">709.04 ΜΑΡ</subfield>
   <subfield code="p">00186581</subfield>
   <subfield code="q">00186581</subfield>
   <subfield code="t">LOAN</subfield>
   <subfield code="y">0</subfield>
   <subfield code="4">1</subfield>
  </datafield>
  <datafield tag="960" ind1=" " ind2=" ">
   <subfield code="a">ΜΑΡΙΑ ΒΕΛ</subfield>
  </datafield>
 </record>
</collection>
